000 00499cam a22001217a 4500
008 180718b1966 xxu||||| |||| 00| 0 eng d
082 _aL6 Un3
245 _aFederal expenditures to states and regions : a study of their distribution and impact
_cby Subcommittee on Intergovernmental Relations
260 _aWashington
_bGovt. Printing Office
_c1966
300 _avii,139p.
650 _aIntergovernmental fiscal relations --United States.
700 _aU.S.A. Subcommittee on Intergovernmental Relations
999 _c417013
_d417013